• 首页
  • 本馆介绍
  • 公告通知
  • 最新文献
  • 馆藏检索
  • 电子资源
  • 读者导购
  • 参考咨询
  • 我的图书馆
  • 登录
  • 详细信息显示
  • 放入我的书架
  • 预约/预借图书
  • 作者相关作品
  • 分类相关作品
  • 丛书相关作品
  • 出版社相关作品

书目信息

  • 表格格式
  • 工作单格式
  • 卡片格式
题名:
标签
    
 
作者: 仪修文 著
分册:  
出版信息: 济南   山东教育出版社  2015.10
页数: 225页
开本: 23cm
丛书名:
单 册:
中图分类: G775
科图分类:
主题词: 青少年教育--研究
电子资源:
ISBN: 978-7-5328-9059-0
000 00873nam0 2200229 450
001 0103152648
005 20201103152730.0
010    @a978-7-5328-9059-0@dCNY25.00
100    @a20160319e20192015em y0chiy50 ea
101 0  @achi
102    @aCN@b370000
105    @ay z 000yy
106    @ar
200 1  @a标签@Abiao qian@e一个“问题少年”的逆袭@f仪修文著
210    @a济南@c山东教育出版社@d2015.10@h2019.04
215    @a225页@d23cm
330    @a本书所有人物故事都是作者在生活中认真观察、深入了解的基础上创造的。通过一个被贴上“问题少年”标签的初二男生的视角,从道德、法律、心理等层面,再现了当前教育背景下这部分孩子的真实生活和所思所想,呈现了初中生身心成长的焦点问题,凸显了家庭、学校、教师对学生的影响。
606 0  @a青少年教育@x研究
690    @aG775@v5
701  0 @a仪修文@Ayi xiu wen@c(女)@4著
801  0 @aCN@bBJSZM@c20201103
905    @b1256061-5@dG775@e27@f5
    
    标签:一个“问题少年”的逆袭/仪修文著.-济南:山东教育出版社,2015.10(2019.04)
    225页;23cm
    
    
    ISBN 978-7-5328-9059-0:CNY25.00
    本书所有人物故事都是作者在生活中认真观察、深入了解的基础上创造的。通过一个被贴上“问题少年”标签的初二男生的视角,从道德、法律、心理等层面,再现了当前教育背景下这部分孩子的真实生活和所思所想,呈现了初中生身心成长的焦点问题,凸显了家庭、学校、教师对学生的影响。
●
相关链接 在E读中查询图书 在五车中查询图书 在当当中查询图书 在豆瓣中查询图书


正题名:标签     索取号:G775/27         预约/预借

序号 登录号 条形码 馆藏地/架位号 状态 备注
1 1256061   212560619   第一样本阅览室/ [索取号:G775/27] 在馆    
2 1256062   212560628   教育系资料室/ [索取号:G775/27] 在馆    
3 1256063   212560637   教育系资料室/ [索取号:G775/27] 在馆    
4 1256064   212560646   第四借阅区/ [索取号:G775/27] 在馆    
5 1256065   212560655   第四借阅区/ [索取号:G775/27] 在馆    
唐山师范学院图书馆 欢迎您!
大连网信软件有限公司© 版权所有